| 000 | 00725 a2200253 4500 | ||
|---|---|---|---|
| 003 | Nust | ||
| 005 | 20170207154042.0 | ||
| 020 | _a0-7821-2972-2 (hft.) ; | ||
| 040 | _cNust | ||
| 082 | 0 | 0 | _a004.62 |
| 100 | 1 | _aMiller, Michael | |
| 245 | 0 | 0 |
_aDiscovering Bluetooth(E-BOOK) _cMichael Miller |
| 260 |
_aSan Francisco, Calif. : _bSYBEX, _ccop. 2001 |
||
| 300 |
_axvi, 288 s. : _bill. ; _c23 cm |
||
| 650 | 7 | _aBluetooth | |
| 650 | 7 | _aBluetooth technology | |
| 650 | 7 | _aBluetooth technology ; Bluetooth technology (Standard) | |
| 650 | 7 | _aBlå´¡ndsteknik | |
| 650 | 7 | _aMobiltelefoni | |
| 650 | 7 | _aTr夬?ommunikation | |
| 650 | 7 | _aWireless communication systems | |
| 650 | 7 | _aWireless communication systems | |
| 651 | _aE-BOOK | ||
| 942 |
_2ddc _cBK |
||
| 999 |
_c192668 _d192668 |
||